<?xml version="1.0" encoding="UTF-8"?>
<record
    xmlns:xsi="http://www.w3.org/2001/XMLSchema-instance"
    xsi:schemaLocation="http://www.loc.gov/MARC21/slim http://www.loc.gov/standards/marcxml/schema/MARC21slim.xsd"
    xmlns="http://www.loc.gov/MARC21/slim">

  <leader>02324cam0a2200505   4500</leader>
  <controlfield tag="001">13960</controlfield>
  <controlfield tag="003">http://www.sudoc.fr/292190239</controlfield>
  <controlfield tag="005">20251204114726.0</controlfield>
  <datafield tag="010" ind1=" " ind2=" ">
    <subfield code="a">9782381980928</subfield>
    <subfield code="d">17 EUR</subfield>
  </datafield>
  <datafield tag="035" ind1=" " ind2=" ">
    <subfield code="a">(OCoLC)1554764757</subfield>
  </datafield>
  <datafield tag="035" ind1=" " ind2=" ">
    <subfield code="a">FRBNF486248480000008</subfield>
    <subfield code="z">FRBNF48624848</subfield>
  </datafield>
  <datafield tag="073" ind1=" " ind2="0">
    <subfield code="a">9782381980928</subfield>
  </datafield>
  <datafield tag="090" ind1=" " ind2=" ">
    <subfield code="a">13960</subfield>
  </datafield>
  <datafield tag="099" ind1=" " ind2=" ">
    <subfield code="o">0</subfield>
  </datafield>
  <datafield tag="100" ind1=" " ind2=" ">
    <subfield code="a">20251128h20252025m  y0frey50      ba</subfield>
  </datafield>
  <datafield tag="101" ind1="2" ind2=" ">
    <subfield code="a">fre</subfield>
    <subfield code="a">eng</subfield>
  </datafield>
  <datafield tag="101" ind1="2" ind2=" ">
    <subfield code="c">eng</subfield>
  </datafield>
  <datafield tag="102" ind1=" " ind2=" ">
    <subfield code="a">FR</subfield>
  </datafield>
  <datafield tag="105" ind1=" " ind2=" ">
    <subfield code="a">y   z   000gy</subfield>
  </datafield>
  <datafield tag="181" ind1=" " ind2=" ">
    <subfield code="6">z01</subfield>
    <subfield code="c">txt</subfield>
    <subfield code="2">rdacontent</subfield>
  </datafield>
  <datafield tag="181" ind1=" " ind2="1">
    <subfield code="6">z01</subfield>
    <subfield code="a">i#</subfield>
    <subfield code="b">xxxe##</subfield>
  </datafield>
  <datafield tag="182" ind1=" " ind2=" ">
    <subfield code="6">z01</subfield>
    <subfield code="c">n</subfield>
    <subfield code="2">rdamedia</subfield>
  </datafield>
  <datafield tag="182" ind1=" " ind2="1">
    <subfield code="6">z01</subfield>
    <subfield code="a">n</subfield>
  </datafield>
  <datafield tag="183" ind1=" " ind2="1">
    <subfield code="6">z01</subfield>
    <subfield code="a">nga</subfield>
    <subfield code="2">RDAfrCarrier</subfield>
  </datafield>
  <datafield tag="200" ind1="1" ind2=" ">
    <subfield code="a">Divisible par lui-m&#xEA;me et par un</subfield>
    <subfield code="d">Divisible by itself and one</subfield>
    <subfield code="b">LIVR</subfield>
  </datafield>
  <datafield tag="200" ind1="1" ind2=" ">
    <subfield code="z">eng</subfield>
  </datafield>
  <datafield tag="214" ind1=" " ind2="0">
    <subfield code="c">L'Arche</subfield>
    <subfield code="d">DL 2025</subfield>
  </datafield>
  <datafield tag="214" ind1=" " ind2="0">
    <subfield code="a">Montreuil</subfield>
  </datafield>
  <datafield tag="215" ind1=" " ind2=" ">
    <subfield code="a">1 volume (119 pages)</subfield>
  </datafield>
  <datafield tag="215" ind1=" " ind2=" ">
    <subfield code="c">couverture illustr&#xE9;e</subfield>
    <subfield code="d">21 cm</subfield>
  </datafield>
  <datafield tag="225" ind1="1" ind2=" ">
    <subfield code="a">Des &#xE9;crits pour la parole</subfield>
  </datafield>
  <datafield tag="307" ind1=" " ind2=" ">
    <subfield code="a">texte original anglais avec traduction fran&#xE7;aise en regard</subfield>
  </datafield>
  <datafield tag="330" ind1=" " ind2=" ">
    <subfield code="a">Le nouveau recueil de Kae Tempest renoue avec les motifs puissants de &#xC9;treins-toi et Courir sur les cordes, o&#xF9; s entrelacent amour et qu&#xEA;te de soi. Plus introspectif, il explore les ressorts intimes de la pulsion de vie qui se heurte aux injonctions d une soci&#xE9;t&#xE9; normative, et apprend peu &#xE0; peu &#xE0; embrasser la puissance lib&#xE9;ratrice de sa transidentit&#xE9;. Kae Tempest c&#xE9;l&#xE8;bre la force du lien &#xE0; la nature et rend un magnifique hommage &#xE0; sa famille queer, &#xAB; &#xE0; tous les anges &#xBB;. Divisible par lui-m&#xEA;me et par un est un livre sur la forme humaine, le corps &#xE9;prouv&#xE9; comme fronti&#xE8;re, et la br&#xFB;lante n&#xE9;cessit&#xE9; d apprendre &#xE0; s aimer tel&#xB7;le que l on est. Cette qu&#xEA;te perp&#xE9;tuelle d int&#xE9;grit&#xE9; fait de Kae Tempest un po&#xE8;te profond&#xE9;ment original de notre &#xE9;poque.</subfield>
  </datafield>
  <datafield tag="410" ind1=" " ind2=" ">
    <subfield code="0">234993022</subfield>
  </datafield>
  <datafield tag="410" ind1=" " ind2=" ">
    <subfield code="t">Des &#xE9;crits pour la parole</subfield>
    <subfield code="x">2680-3305</subfield>
  </datafield>
  <datafield tag="454" ind1=" " ind2=" ">
    <subfield code="t">Divisible by itself and one</subfield>
  </datafield>
  <datafield tag="510" ind1=" " ind2=" ">
    <subfield code="a">Divisible by itself and one</subfield>
    <subfield code="z">eng</subfield>
  </datafield>
  <datafield tag="608" ind1=" " ind2=" ">
    <subfield code="3">027247481</subfield>
    <subfield code="a">Po&#xE9;sie anglaise</subfield>
    <subfield code="3">050665391</subfield>
    <subfield code="z">2000-....</subfield>
    <subfield code="2">rameau</subfield>
  </datafield>
  <datafield tag="610" ind1=" " ind2=" ">
    <subfield code="a">Transidentit&#xE9;</subfield>
  </datafield>
  <datafield tag="700" ind1=" " ind2="1">
    <subfield code="a">Tempest</subfield>
    <subfield code="b">Kate</subfield>
    <subfield code="f">1985-....</subfield>
  </datafield>
  <datafield tag="700" ind1=" " ind2="1">
    <subfield code="3">182110672</subfield>
    <subfield code="4">070</subfield>
  </datafield>
  <datafield tag="701" ind1=" " ind2="1">
    <subfield code="a">Esqui&#xE9;</subfield>
    <subfield code="b">H&#xE9;lo&#xEF;se</subfield>
    <subfield code="f">1974-....</subfield>
  </datafield>
  <datafield tag="701" ind1=" " ind2="1">
    <subfield code="3">055151175</subfield>
    <subfield code="c">traductrice</subfield>
    <subfield code="4">730</subfield>
  </datafield>
  <datafield tag="801" ind1=" " ind2="3">
    <subfield code="a">FR</subfield>
    <subfield code="b">Abes</subfield>
    <subfield code="c">20251129</subfield>
    <subfield code="g">AFNOR</subfield>
  </datafield>
  <datafield tag="801" ind1=" " ind2="0">
    <subfield code="a">FR</subfield>
    <subfield code="b">FR-751131015</subfield>
    <subfield code="c">20251016</subfield>
    <subfield code="g">AFNOR</subfield>
  </datafield>
  <datafield tag="995" ind1=" " ind2=" ">
    <subfield code="2">0</subfield>
    <subfield code="5">2025-12-04</subfield>
    <subfield code="9">13853</subfield>
    <subfield code="c">JOL</subfield>
    <subfield code="f">JOL-007661</subfield>
    <subfield code="k">LITT TEM</subfield>
    <subfield code="n">2026-01-22</subfield>
    <subfield code="o">0</subfield>
    <subfield code="b">JOL</subfield>
    <subfield code="r">LIVR</subfield>
  </datafield>
</record>
